Educación Ambiental en Costa Rica: tendencias evolutivas, perspectivas y desafíos (Registro nro. 1145)

Detalles MARC
000 -Cabecera
Campo de control de longitud fija 00797aam a2200277 4500
005 - Fecha y hora de la última transacción
Campo de control 20251017195448.0
008 - Elementos de longitud fija--Información general
Campo de control de longitud fija 150603b2002 xxu||||| |||| 00| 0 spa d
041 ## - Idioma
Código de idioma Español
082 ## - Clasificación Decimal Dewey
Número de clasificación 372.357 G949e
100 ## - Entrada principal--Autor personal
Nombre personal Guier Serrano, Estrella
100 ## - Entrada principal--Autor personal
Nombre personal Rodriguéz, Mayra
100 ## - Entrada principal--Autor personal
Nombre personal Zuñiga, María Eugenia
245 ## - Título propiamente dicho
Título Educación Ambiental en Costa Rica: tendencias evolutivas, perspectivas y desafíos
260 ## - Pie de imprenta
Lugar de publicación, distribución, etc. Costa Rica
260 ## - Pie de imprenta
Nombre del editor, distribuidor, etc. EUNED
260 ## - Pie de imprenta
Fecha de publicación, distribución, etc. 2002
300 ## - Descripción física
Extensión 120 páginas
490 ## - Serie
Título de la Serie Turismo
650 ## - Materia general
Temática (materia general) EDUCACIÓN AMBIENTAL
650 ## - Materia general
Temática (materia general) ETICA AMBIENTAL
650 ## - Materia general
Temática (materia general) EDUCACION AMBIENTAL EN COSTA RICA
650 ## - Materia general
Temática (materia general) DESAFIOS DE LA EDUCACION AMBIENTAL
650 ## - Materia general
Temática (materia general) DESARROLLO SOSTENIBLE
942 ## - Punto de acceso adicional KOHA
Tipo de ítem KOHA Libro
Fuente del sistema de clasificación o colocación Dewey Decimal Classification
Existencias
Signatura completa Código de barras Programa Académico Tipo de ítem
372.357 G949e 9932 Turismo Libro
372.357 G949e 9933 Turismo Libro